Correntes o normais
Gorde:
| Egile nagusia: | |
|---|---|
| Formatua: | Liburua |
| Hizkuntza: | portugesa |
| Argitaratua: |
Sao Paulo
Universidade Estadual de Campinas
1977
|
| Saila: | Monografias de Matemática Pura e Aplicada, 6
|
| Gaiak: | |
| Etiketak: |
Etiketa erantsi
Etiketarik gabe, Izan zaitez lehena erregistro honi etiketa jartzen!
|
MARC
| LEADER | 00000nam a2200000 a 4500 | ||
|---|---|---|---|
| 001 | UCP2629 | ||
| 003 | CL-VaPUC | ||
| 008 | 990520e19770000BL |||||||||||||||||por|d | ||
| 082 | 0 | 4 | |a 516.36 |b ROD |2 21 |
| 100 | 0 | |a Rodrigues Filho, Joao |e author |9 429522 | |
| 245 | 1 | 0 | |a Correntes o normais |
| 300 | |a 45 p | ||
| 942 | |c BK | ||
| 945 | |d 19990520 00:00:00 |a crobeson | ||
| 260 | |a Sao Paulo |b Universidade Estadual de Campinas |c 1977 | ||
| 650 | 0 | |a Variedades diferenciales |9 270032 | |
| 650 | 0 | |a Cálculo de variedades |9 429523 | |
| 583 | |a last modification |c 19990520 00:00:00 |k Rodrigo Vera | ||
| 490 | 0 | |a Monografias de Matemática Pura e Aplicada, 6 | |
| 999 | |c 281140 |d 281138 | ||
| 952 | |0 0 |1 0 |4 0 |6 516_360000000000000_ROD_1977 |7 0 |8 A |9 321808 |a BIBMAT |b BIBMAT |d 2019-11-20 |i 1346334 |o 516.36 ROD 1977 |p 1346334 |r 2025-01-07 |w 2019-11-20 |y BK |k MAT | ||